Les 10 communes les plus peuplée de chaque département d'IDF - Statistiques

Statistiques générales
  • Ce quiz a été pris 205 fois
  • Le résultat moyen est 32 sur 80
Statistiques - réponses
Population Arrondisement Réponse % Correct
85 862 Versailles Versailles
78%
67 967 Evry-Courcouronnes Evry-Courcouronnes
76%
95 105 Nanterre Nanterre
75%
54 991 Meaux Meaux
72%
112 357 Saint-Denis Saint-Denis
72%
120 071 Boulogne-Billancourt Boulogne-Billancourt
70%
90 752 Créteil Créteil
70%
44 299 Mantes-la-Jolie Mantes-la-jolie
70%
40 032 Melun Melun
70%
44 736 Saint-Germain-en-Laye Saint-Germain-en-Laye
67%
22 994 Torcy Torcy
67%
110 210 Argenteuil Argenteuil
64%
58 597 Sarcelles Sarcelles
64%
168 554 Paris Passy (16e)
63%
53 640 Bobigny Bobigny
62%
188 066 Paris Buttes-Chaumont (19e)
61%
196 131 Paris Buttes-Montmartre (18e)
61%
235 194 Paris Vaugirard (15e)
61%
183 678 Paris Gobelins (13e)
60%
30 976 Pontoise Pontoise
60%
196 782 Paris Ménilmontant (20e)
59%
35 214 Palaiseau Palaiseau
59%
147 140 Paris Popincourt (11e)
59%
141 167 Paris Reuilly (12e)
59%
169 680 Paris Batignolles-Monceau (17e)
58%
136 914 Paris Observatoire (14e)
58%
65 177 Pontoise Cergy
57%
50 302 Palaiseau Massy
54%
62 054 Antonty Antony
53%
109 987 Bobigny Montreuil
51%
86 375 Saint-Denis Aubervilliers
47%
68 163 Le Raincy Noisy le Grand
43%
64 397 Nanterre Levallois-Perret
42%
85 740 Le Raincy Aulnay-sous-Bois
41%
85 177 Nanterre Colombes
40%
51 292 Evry-Courcouronnes Corbeil-Essonne
39%
68 451 Boulogne-Billancourt Issy-les-Moulineaux
39%
85 191 Nanterre Asnières-sur-Seine
38%
81 719 Nanterre Courbevoie
38%
77 603 Nogent-sur-Marne Champigny-sur-Marne
36%
54 917 Torcy Chelles
36%
71 318 Le Raincy Drancy
36%
61 761 Nanterre Clichy
33%
42 187 Sarcelles Garges-lès-Gonesse
33%
51 967 Saint-Germain-en-Laye Sartrouville
33%
93 557 L'Haÿ-les-Roses Vitry-sur-Seine
33%
62 038 L'Haÿ-les-Roses Ivry-sur-Seine
32%
57 482 Bobigny Pantin
32%
37 988 Saint-Germain-en-Laye Poissy
30%
78 152 Nanterre Rueil-Malmaison
30%
74 859 Nogent-sur-Marne Saint-Maur-des-Fossés
30%
32 584 Versailles Trappes
30%
54 743 L'Haÿ-les-Roses Villejuif
28%
49 871 Nogent-sur-Marne Vincennes
28%
32 798 Mantes-la-jolie Les Mureaux
26%
55 678 Saint-Denis Epinay-sur-Seine
25%
56 783 Le Raincy Le Blanc Mesnil
24%
37 947 Torcy Pontault-Combault
24%
32 151 Saint-Germain-en-Laye Houilles
20%
55 655 Nogent-sur-Marne Maisons-Alfort
20%
45 687 L'Haÿ-les-Roses Choisy-le-Roi
18%
52 963 Nogent-sur-Marne Fontenay-sous-Bois
18%
29 984 Melun Savigny-le-Temple
18%
29 225 Evry-Courcouronnes Ris-Orangis
17%
36 533 Palaiseau Savigny-sur-Orge
17%
26 322 Torcy Champs-sur-Marne
16%
23 458 Torcy Roissy-en-Brie
16%
34 397 Palaiseau Athis-Mons
15%
35 941 Saint-Germain-en-Laye Conflans-Sainte-Honorine
15%
30 637 Sarcelles Goussainville
15%
36 207 Palaiseau Sainte-Geneviève-des-Bois
14%
31 093 Evry-Courcouronnes Viry-Châtillon
14%
29 387 Argenteuil Bezons
13%
27 327 Torcy Bussy-Saint-George
12%
36 782 Argenteuil Franconville
12%
32 929 Versailles Montigny-le-Bretonneux
12%
29 016 Sarcelles Villiers-le-Bel
11%
31 567 Evry-Courcouronnes Vigneux-sur-Seine
9%
26 379 Meaux Villeparisis
9%
29 342 Argenteuil Herblay-sur-Seine
8%
Aucun quiz correspondant
Distribution des résultats
% des personnes avec chaque résultat
Percentile par nombre de réponses
Votre historique - résultats
Vous n’avez pas pris ce quiz